• 首页
  • 本馆介绍
  • 公告通知
  • 最新文献
  • 馆藏检索
  • 电子资源
  • 读者导购
  • 参考咨询
  • 我的图书馆
  • 登录
  • 详细信息显示
  • 放入我的书架
  • 预约/预借图书
  • 作者相关作品
  • 分类相关作品
  • 丛书相关作品
  • 出版社相关作品

书目信息

  • 表格格式
  • 工作单格式
  • 卡片格式
题名:
英美烟公司在华企业资料汇编
    
 
作者: ;上海社会科学院经济研究所 编
分册: 第四册  
出版信息: 北京   中华书局  1983
页数: 1300-1652页
开本: 21cm
丛书名: 中国近代经济史资料丛刊
单 册:
中图分类: F129.5
科图分类:
主题词: 经济--中国 , 烟草工业-经济史--中国--近代 , 经济史-烟草工业--中国--近代
电子资源:
ISBN:
000 00894nam2 2200277 45
001 0183002806
005 20061104095616.68
010    @dCNY1.55
091    @aCN@b11018.1098
100    @a19950606d1983 emky0chiy0121 ea
101 0  @achi
102    @aCN@b110000
105    @af zi 000yy
200 10 @a英美烟公司在华企业资料汇编@h第四册@Aying mei yan gong si zai hua qi ye zi liao hui bian@f上海社会科学院经济研究所编
210    @a北京@c中华书局@d1983
215    @a1300-1652页@d21cm
225 2  @a中国近代经济史资料丛刊
410  0 @120010@a中国近代经济史资料丛刊
606 0  @a经济@x中国
606    @a烟草工业-经济史@y中国@z近代
606    @a经济史-烟草工业@y中国@z近代
690    @aF129.5@v3
711 02 @a上海社会科学院经济研究所@Ashang hai she hui ke xue yuan jing ji yan jiu suo@4编
801  2 @aCN@bNLC@c20061104
801  0 @aCN@bTSSF@c20061104
905    @a10447@dF129.5@e11:4
    
    英美烟公司在华企业资料汇编.第四册/上海社会科学院经济研究所编.-北京:中华书局,1983
    1300-1652页;21cm.-(中国近代经济史资料丛刊)
    
    
    ISBN :CNY1.55
    
●
相关链接 在E读中查询图书 在五车中查询图书 在当当中查询图书 在豆瓣中查询图书


正题名:英美烟公司在华企业资料汇编     索取号:F129.5/11:4         预约/预借

序号 登录号 条形码 馆藏地/架位号 状态 备注
1 0108410   000200945   第一样本阅览室/ [索取号:F129.5/11:4] 在馆    
唐山师范学院图书馆 欢迎您!
大连网信软件有限公司© 版权所有